Learning and instruction
| Main Author: | |
|---|---|
| Format: | Book |
| Published: |
New York :
McGraw-Hill ,
1994
|
| Subjects: |
MARC
| LEADER | 00000cam a2200000 7i4500 | ||
|---|---|---|---|
| 001 | 0000002422 | ||
| 002 | 000002639 | ||
| 005 | 20080125.0 | ||
| 020 | |a 007023163X | ||
| 090 | 0 | 0 | |a 370.1523 |b HAM |
| 100 | 0 | |a Hamilton, Richard J | |
| 245 | 1 | 0 | |a Learning and instruction |c Richard J.Hamilton |
| 260 | |a New York : |b McGraw-Hill , |c 1994 | ||
| 300 | |a 478p. ; |c 23cm. | ||
| 650 | 0 | 0 | |a Learning, Psychology aspects |
| 999 | |a 036105 |b BUKU |c PINJAMAN |e PERPUSTAKAAN KOMUNITI PETALING JAYA | ||